000 01260nam a2200265Ia 4500
999 _c5220
_d5220
003 OSt
005 20200418002521.0
008 191128s1981 mx gr 000 0 spa d
020 _a9682303842
040 _aCO-JMCR
_cCO-JMCR
041 0 _aspa
082 0 4 _a323.445 /
_bN686d
_223
100 1 _aNovoa Monreal, Eduardo,
_eautor
_93211
245 1 0 _aDerecho a la vida privada y libertad de información :
_bun conflicto de derechos /
_cEduardo Novoa Monreal
250 _aSegunda edición
260 _aMéxico :
_bSiglo XXI,
_c1981
300 _a224 páginas ;
_c21 cm.
490 0 _aNueva criminología
505 0 _aLa vida privada -- Elaboración jurídica sobre la vida privada -- Los criterios diferenciales del derecho a la vida privada con otros derechos -- Formas de atentar contra la vida privada -- La protección jurídica de la vida privada
520 _aMucho se habla actualmente de la intimidad del ser humano y de su derecho a la vida privada y mucho más se discute especialmente en plano internacional sobre el alcance de la libertad de información, uno de los pilares de la democracia.
650 1 4 _aDerecho a la privacidad
_93212
650 1 4 _aLibertad de información
_93213
650 1 4 _aPeriodismo
_93214
942 _2ddc
_cBK